000 00280nam a22001337a 4500
008 170401b xxu||||| |||| 00| 0 eng d
020 _a9780073309767
041 _aeng
080 _24TH
_a574
100 _a9
101 _aSHM
245 _aECOLOGY
_cMOLLES, M.C
942 _2udc
_cBK
999 _c9406
_d9406